Southville International School and Colleges
Your cart is empty.
  • Cart
  • Lists
    Public lists Eva Luna New books Lux_list list_1
    Your lists Log in to create your own lists
  • Log in to your account
  • Your cookies
  • Search history
Southville International School and Colleges
  • Advanced search
  • Recent comments
  • Most popular
  • Libraries

Log in to your account

Log in with GOOGLE


If you do not have an external account, but do have a local account, you can still log in:

  1. Home
  2. MARC view: Hospital pharmacy /
Normal view MARC view ISBD view

Hospital pharmacy / (Record no. 13586)

[ view plain ]
MARC details
000 -LEADER
fixed length control field 00472nam a22001697a 4500
003 - CONTROL NUMBER IDENTIFIER
control field OSt
005 - DATE AND TIME OF LATEST TRANSACTION
control field 20140310182445.0
008 - FIXED-LENGTH DATA ELEMENTS--GENERAL INFORMATION
fixed length control field 130312t xxu||||| |||| 00| 0 eng d
020 ## - INTERNATIONAL STANDARD BOOK NUMBER
International Standard Book Number 9780853699002
050 ## - LIBRARY OF CONGRESS CALL NUMBER
Classification number RA 975.5
Item number .H828 2011
100 ## - MAIN ENTRY--PERSONAL NAME
Personal name Stephens, Martin
9 (RLIN) 7679
245 ## - TITLE STATEMENT
Title Hospital pharmacy /
Statement of responsibility, etc Martin Stephens.
260 ## - PUBLICATION, DISTRIBUTION, ETC. (IMPRINT)
Place of publication, distribution, etc London :
Name of publisher, distributor, etc Pharmaceutical Press,
Date of publication, distribution, etc c2011.
300 ## - PHYSICAL DESCRIPTION
Dimensions 23 cm.
Extent xxxiii. 313 p. ;
Other physical details ill. ;
942 ## - ADDED ENTRY ELEMENTS (KOHA)
Source of classification or shelving scheme Library of Congress Classification
Koha item type
Holdings
Withdrawn status Lost status Source of classification or shelving scheme Damaged status Home library Current library Shelving location Date acquired Source of acquisition Total Checkouts Full call number Barcode Date last seen Copy number Price effective from Koha item type
    Library of Congress Classification   South SEED-LPDH College Library South SEED-LPDH College Library South SEED-LPDH College Section 08/05/2013 Donation   RA 975.5 .H828 2011 SSLC0990 05/15/2018 1 08/05/2013 Books

Hospital pharmacy /

APA

Stephens M., . (2011). Hospital pharmacy. London: Pharmaceutical Press.

Chicago

Stephens Martin, . 2011. Hospital pharmacy. London: Pharmaceutical Press.

Harvard

Stephens M., . (2011). Hospital pharmacy. London: Pharmaceutical Press.

MLA

Stephens Martin, . Hospital pharmacy. London: Pharmaceutical Press. 2011.

  • Place hold
  • Print
  • Cite
  • Add to your cart (remove)
  • Save record
    BIBTEX Dublin Core MARCXML MARC (non-Unicode/MARC-8) MARC (Unicode/UTF-8) MARC (Unicode/UTF-8, Standard) MODS (XML) RIS
  • More searches
    Search for this title in:
    Other Libraries (WorldCat) Other Databases (Google Scholar) Online Stores (Bookfinder.com) Open Library (openlibrary.org)

Exporting to Dublin Core...

SOUTHVILLE LIBRARY

Southville International School and Colleges Library

1281 Tropical Ave. Cor. Luxembourg St., BF Homes International, Las Pinas City

Tel. No. 8256374 / 252358 Loc. 117/146

Powered by Koha